<?xml version="1.0" encoding="UTF-8"?><?xml-stylesheet type="text/xsl" href="static/style.xsl"?><OAI-PMH xmlns="http://www.openarchives.org/OAI/2.0/" xmlns:xsi="http://www.w3.org/2001/XMLSchema-instance" xsi:schemaLocation="http://www.openarchives.org/OAI/2.0/ http://www.openarchives.org/OAI/2.0/OAI-PMH.xsd"><responseDate>2026-06-05T13:36:35Z</responseDate><request verb="GetRecord" identifier="oai:riuma.uma.es:10630/9377" metadataPrefix="marc">https://riuma.uma.es/rest/oai/request</request><GetRecord><record><header><identifier>oai:riuma.uma.es:10630/9377</identifier><datestamp>2026-02-03T12:52:05Z</datestamp><setSpec>com_10630_5701</setSpec><setSpec>com_10630_3139</setSpec><setSpec>com_10630_10</setSpec><setSpec>col_10630_9179</setSpec></header><metadata><record xmlns="http://www.loc.gov/MARC21/slim" xmlns:dcterms="http://purl.org/dc/terms/" xmlns:doc="http://www.lyncode.com/xoai" xmlns:xsi="http://www.w3.org/2001/XMLSchema-instance" xsi:schemaLocation="http://www.loc.gov/MARC21/slim http://www.loc.gov/standards/marcxml/schema/MARC21slim.xsd">
   <leader>00925njm 22002777a 4500</leader>
   <datafield ind2=" " ind1=" " tag="042">
      <subfield code="a">dc</subfield>
   </datafield>
   <datafield ind2=" " ind1=" " tag="720">
      <subfield code="a">Fernández Basurte, Federico</subfield>
      <subfield code="e">author</subfield>
   </datafield>
   <datafield ind2=" " ind1=" " tag="260">
      <subfield code="c">1997</subfield>
   </datafield>
   <datafield ind2=" " ind1=" " tag="520">
      <subfield code="a">La ciudad es el escenario para las celebraciones públicas y colectivas que constituyen las procesiones de la Semana Santa, organizadas y desarrolladas por las cofradías y hermandades. De hecho, el desarrollo de estos ritos, conformados como una mediación entre Dios y el pueblo, fuera de de los espacios estrictamente sagrados, responde a la intención de ampliar el ámbito religoso. Por un lado, se trata de hacer coincidir dicha expansión espacial de lo sacro con el propio territorio de la comunidad, en lo que se refiere a su aspecto físico. Por otra parte se trata de hacerla coincidir con la estructura social global, es decir, ampliarla a todas las capas o estratos sociales integrándolos en un espacio unificado por la propia acción ritual.</subfield>
   </datafield>
   <datafield ind1="8" ind2=" " tag="024">
      <subfield code="a">Baetica 19-2, 1997, p.109-120.</subfield>
   </datafield>
   <datafield ind1="8" ind2=" " tag="024">
      <subfield code="a">0212-5099</subfield>
   </datafield>
   <datafield ind1="8" ind2=" " tag="024">
      <subfield code="a">http://hdl.handle.net/10630/9377</subfield>
   </datafield>
   <datafield tag="653" ind2=" " ind1=" ">
      <subfield code="a">Cofradías - Málaga - S. XVII - S.XVIII</subfield>
   </datafield>
   <datafield ind2="0" ind1="0" tag="245">
      <subfield code="a">Espacio urbano, cofradías y sociedad</subfield>
   </datafield>
</record>
</metadata></record></GetRecord></OAI-PMH>